LEADER 01047nam0-2200313 --450 001 9910210656903321 005 20170718145911.0 010 $a88-902236-0-1 100 $a20170718d2005----kmuy0itay5050 ba 101 1 $aita 102 $aIT 105 $a 001yy 200 1 $aCodice delle valutazioni immobiliari$fsupervisione Aldo De Marco$gcoordinatore responsabile Giampiero Bambagioni$gdirettore scientifico Marco Simonotti 205 $a3. ed 210 $aRoma$cTecnoborsa$d2005 215 $a253 p.$d25 cm. 300 $aIn testa al front. : Tecnoborsa : per lo sviluppo e la regolazione dell'economia immobiliare. 610 0 $aImmobili$aValutazione$aLegislazione 676 $a346.450432$v19 702 1$aDe Marco,$bAldo 702 1$aSimonotti,$bMarco 702 1$aBambagioni,$bGiampiero 801 0$aIT$bUNINA$gREICAT$2UNIMARC 901 $ainserire formato 912 $a9910210656903321 952 $aINU B 980$b1369$fFARBC 959 $aFARBC 996 $aCodice delle valutazioni immobiliari$9712417 997 $aUNINA LEADER 01025nam0 22002771i 450 001 UON00082970 005 20231205102435.355 100 $a20020107d1985 |0itac50 ba 101 $aara 102 $aJO 105 $a|||| ||||| 200 1 $aAgani al-rahil al-sabi $f Abd al-Rahim Umar 210 $a Amman$cDa'irat al-taqafah wa'l-funun$d1985 215 $a166 p.$d24 cm 606 $aPOESIA ARABA$3UONC019452$2FI 606 $aPOETI ARABI$3UONC019453$2FI 620 $aJO$dAmman$3UONL000581 676 $a892.716$cPoesia araba moderna (1945- )$v21 700 1$aUMAR$bAbd al-Rahim$3UONV054628$0662314 712 $aDa'irat al-taqafa wa 'l-funun$3UONV256670$4650 801 $aIT$bSOL$c20250627$gRICA 899 $aSIBA - SISTEMA BIBLIOTECARIO DI ATENEO$2UONSI 912 $aUON00082970 950 $aSIBA - SISTEMA BIBLIOTECARIO DI ATENEO$dSI VI C a y 055 $eSI AA 13604 5 055 996 $aAgani al-rahil al-sabi$91295920 997 $aUNIOR